000 00605nam a2200241Ia 4500
003 OSt
005 20221005130746.0
006 a|||||r|||| 00| 0
007 ta
008 221004b |||||||| |||| 00| 0 guj d
024 _a40842
037 _cTextual
040 _aCRL
_cCRL
_bguj
041 _2guj
_aguj
082 _aO156,1N27x, L2
100 _aManiyaar Priyakant Au.
_9638620
245 0 _aSameep
260 _c1972
300 _a95p.
_ccm.
650 _aGUJRATI LITERATURE
942 _hO156,1N27x, L2
_cTEXL
_2cc
999 _c1058327
_d1058327